The late George Apley: (Record no. 186407)
[ view plain ]
| 000 -LEADER | |
|---|---|
| fixed length control field | 01225 a2200193 4500 |
| 003 - CONTROL NUMBER IDENTIFIER | |
| control field | Nust |
| 005 - DATE AND TIME OF LATEST TRANSACTION | |
| control field | 20230131115015.0 |
| 010 ## - LIBRARY OF CONGRESS CONTROL NUMBER | |
| LC control number | unk82053230 |
| 040 ## - CATALOGING SOURCE | |
| Transcribing agency | Nust |
| 082 ## - DEWEY DECIMAL CLASSIFICATION NUMBER | |
| Classification number | 808.83,MAR |
| 100 ## - MAIN ENTRY--PERSONAL NAME | |
| Personal name | Marquand, John Phillips, |
| 9 (RLIN) | 108206 |
| 245 ## - TITLE STATEMENT | |
| Title | The late George Apley: |
| Remainder of title | A novel in the form of a memoir / |
| Statement of responsibility, etc. | John P.Marquand, |
| 260 ## - PUBLICATION, DISTRIBUTION, ETC. | |
| Place of publication, distribution, etc. | Boston, |
| Name of publisher, distributor, etc. | Little, Brown, and company |
| Date of publication, distribution, etc. | 1937 |
| 300 ## - PHYSICAL DESCRIPTION | |
| Extent | vi, 354 p |
| Other physical details | 22 cm |
| 505 ## - FORMATTED CONTENTS NOTE | |
| Formatted contents note | A Foreword and Apology (Page-3), The Family Background (Page-9), The Parents (Page-21), The Boyhood Scene (Page-28), Revealing Memorials (Page-59), Harvard Day (Page-68), Europe (Page-93), Law School (Page-105), Marriage (Page-119), Achievements (Page-131), Problems (Page-141), Portrait of A Gentleman (Page-180), Solitude (Page-204), Hard Again (Page-215), War Days (Page-221), The War Strikes Home (Page-234), William Paley (Page-248), A Parents Vigil (Page-258), A Son At the Front (Page-266), New Impacts (Page-286), The Turbulent Twenties (Page-299), Crisis (Page-312), Ring in the New (Page-324), Last Pilgrimage (Page-336), A House In Order (Page-347). |
| 600 ## - SUBJECT ADDED ENTRY--PERSONAL NAME | |
| Personal name | Marquand, John Phillips, |
| 9 (RLIN) | 108206 |
| 650 ## - SUBJECT ADDED ENTRY--TOPICAL TERM | |
| Topical term or geographic name entry element | The late George Apley, |
| 9 (RLIN) | 108207 |
| 942 ## - ADDED ENTRY ELEMENTS (KOHA) | |
| Source of classification or shelving scheme | |
| Koha item type | Fiction |
| Call number prefix | 808.83,MAR |
| Withdrawn status | Lost status | Source of classification or shelving scheme | Damaged status | Not for loan | Permanent Location | Current Location | Shelving location | Date acquired | Full call number | Barcode | Date last seen | Price effective from | Koha item type | Public note |
|---|---|---|---|---|---|---|---|---|---|---|---|---|---|---|
| Military College of Signals (MCS) | Military College of Signals (MCS) | General Stacks | 12/12/2016 | 808.83,MAR | MCS29428 | 12/08/2016 | 12/12/2016 | Book | Almirah No. 57, Shelf No. 1 |
